Toutes les gares ferroviaires de l'Essonne - Statistiques

Statistiques générales
  • Ce quiz a été pris 23 fois
    21 depuis la dernière actualisation
  • Le résultat moyen est 36 sur 73
Statistiques - réponses
Fréquentation annuelle Nom de la gare % Correct
41 881 077 Juvisy-sur-Orge
95%
6 450 745 Brétigny-sur-Orge
85%
922 698 Dourdan
85%
12 893 424 Evry-Courcouronnes
85%
3 054 293 Etampes
80%
3 215 149 Massy - Palaiseau
80%
3 891 084 Sainte-Geneviève-des-Bois
80%
3 360 551 Saint-Michel-sur-Orge
80%
7 966 314 Savigny-sur-Orge
80%
11 896 397 Corbeil-Essonnes
75%
1 632 971 Athis-Mons
70%
4 036 796 Epinay-sur-Orge
70%
/ Palaiseau
65%
1 342 915 Ris-Orangis
65%
1 672 746 Arpajon
60%
4 831 405 Brunoy
60%
2 752 076 Viry-Châtillon
60%
3 956 561 Yerres
60%
403 989 Dourdan La Forêt
55%
/ Gif-sur-Yvette
55%
412 133 Lardy
55%
3 150 160 Le Bras de Fer
55%
1 397 187 Marolles-en-Hurepoix
55%
579 433 Saint-Martin-d'Etampes
55%
5 792 788 Vigneux-sur-Seine
55%
1 430 936 Bouray
50%
/ Bures-sur-Yvette
50%
669 705 Etréchy
50%
320 272 Massy - Verrières
50%
2 671 137 Orangis - Bois de l'Epine
50%
/ Orsay-Ville
50%
413 629 Bièvres
45%
3 475 621 Boussy-Saint-Antoine
45%
662 949 Breuillet Village
45%
172 061 Chamarande
45%
495 828 Egly
45%
877 639 Evry-Val-de-Seine
45%
6 171 646 Grigny Centre
45%
440 344 Igny
45%
/ Le Guichet
45%
/ Lozère
45%
158 480 Maisse
45%
932 558 Mennecy
45%
3 933 989 Montgeron - Crosne
45%
/ Palaiseau - Villebon
45%
627 010 Saint-Chéron
45%
127 315 Sermaise
45%
175 628 Villabé
45%
499 791 Breuillet - Bruyères-le-Châtel
40%
715 378 Chilly-Mazarin
40%
278 023 Essonnes Robinson
40%
373 677 Grand Bourg
40%
604 879 La Norville - Saint-Germain-lès-Arpajon
40%
596 379 Longjumeau
40%
230 834 Petit Vaux
40%
56 114 Buno - Gironville
35%
/ Courcelle-sur-Yvette
35%
414 600 La Ferté-Alais
35%
/ La Hacquinière
35%
84 810 Le Coudray-Montceaux
35%
38 821 Le Plessis Chenet
35%
177 605 Angerville
30%
571 615 Ballancourt-sur-Essonne
30%
31 866 Boigneville
30%
555 885 Gravigny Balizy
30%
2 099 156 Massy TGV
30%
24 680 Monnerville
30%
711 450 Moulin-Galant
30%
228 278 Vauboyen
30%
207 151 Boutigny-sur-Essonne
25%
65 289 Champlan
25%
19 953 Guillerval
25%
667 558 Massy-Europe
25%
Aucun quiz correspondant
Distribution des résultats
% des personnes avec chaque résultat
Percentile par nombre de réponses
Votre historique - résultats
Vous n’avez pas pris ce quiz depuis la dernière actualisation